000 00650nam a22002177a 4500
003 UA-OsUOA
001 97763
007 ta
008 20130404b un ||||| |||| 00| 0 ukr d
100 _aПищик В.
090 _a330
_bП36
942 _cSA
040 _aUA-OsUOA
_brus
_cUA-OsUOA
_dUA-OsUOA
245 _aТенденцииразвития Европейского экономического и валютного союза
300 _aС.36-38
955 _a0
041 _arus
080 _a330
773 0 _w97759
_tМеждународная экономика
_dМ.
_d2013
_g2
650 7 _a330 Економіка взагалі
_2UDC
999 _c384020
_d384020